000 00531nam a2200157Ia 4500
008 151021s9999 xx 000 0 und d
020 _a815187173
050 _aQP 34.5.A58D5 1997
245 _a_Instructor's Resource Manual and test Bank to Accompany Structure & Function of the Body (9th ed.)/ Judith Diehl
260 _aPortland: Mosby, 1997
300 _axiii,345 p.
500 _aIncludes index
500 _aIncludes index
650 _a_Structure and functions of the body
980 _a^d20140123 11:10:01^omwanik
999 _c13046
_d13046